000 00514nam a2200181Ia 4500
008 180921t1987 xxu||||| |||| 00| 0 sin d
041 _asin
080 _a(x)631.8
_bPOH
100 _aMallavathnthri, Ananda
245 _aපොහොර වෙළෙඳුන්ට අත්වැලක්
246 _aPohora veladunta ath vaelak
260 _b
_c1987
300 _a103p., 24 cm
650 _aFertilizer
_aAgriculture
_aManure
942 _cBK
999 _c18213
_d18213
003 LK-CoDNM
040 _aLK-CoDNM
_dLK-CoDNM
_eLK-CoDNM